• 首页
  • 本馆介绍
  • 公告通知
  • 最新文献
  • 馆藏检索
  • 电子资源
  • 读者导购
  • 参考咨询
  • 我的图书馆
  • 登录
  • 详细信息显示
  • 放入我的书架
  • 预约/预借图书
  • 作者相关作品
  • 分类相关作品
  • 丛书相关作品
  • 出版社相关作品

书目信息

  • 表格格式
  • 工作单格式
  • 卡片格式
题名:
教育伦理研究
    
 
作者: 王正平 主编 ;何云峰 本辑主编
分册: 第一辑  
出版信息: 上海   华东师范大学出版社  2014
页数: 359页
开本: 24cm
丛书名:
单 册:
中图分类: G40-059.1
科图分类:
主题词: 教育学--伦理学--研究
电子资源:
ISBN: 978-7-5675-2451-4
000 00896nam0 2200241 450
001 340180
005 20150625105051.82
010    @a978-7-5675-2451-4@dCNY58.00
100    @a20150107d2014 em y0chiy50 ea
101 0  @achi
102    @aCN@b310000
105    @ay z 000yy
106    @ar
200 1  @a教育伦理研究@Ajiao yu lun li yan jiu@h第一辑@f王正平主编@g何云峰本辑主编
210    @a上海@c华东师范大学出版社@d2014
215    @a359页@d24cm
330    @a本书的主题是“核心价值、教育伦理与师德建设”, 选入全国各高校专家、教授优秀专业论文40余篇, 内容涉及教育伦理专题研究、教育伦理理论研究、教育伦理学科发展研究、教师道德建设实践研究、师德关系与师德规范研究等。
606 0  @a教育学@x伦理学@x研究
690    @aG40-059.1@v5
701  0 @a王正平@Awang zheng ping@f(1951-)@4主编
702  0 @a何云峰@Ahe yun feng@4本辑主编
801  0 @aCN@b卓展宏图@c20150525
905    @dG40-059.1@e660:1@f4
    
    教育伦理研究.第一辑/王正平主编/何云峰本辑主编.-上海:华东师范大学出版社,2014
    359页;24cm
    
    
    ISBN 978-7-5675-2451-4:CNY58.00
    本书的主题是“核心价值、教育伦理与师德建设”, 选入全国各高校专家、教授优秀专业论文40余篇, 内容涉及教育伦理专题研究、教育伦理理论研究、教育伦理学科发展研究、教师道德建设实践研究、师德关系与师德规范研究等。
●
相关链接 在E读中查询图书 在五车中查询图书 在当当中查询图书 在豆瓣中查询图书


正题名:教育伦理研究     索取号:G40-059.1/660:1         预约/预借

序号 登录号 条形码 馆藏地/架位号 状态 备注
1 864643   208646438   第一样本阅览室/ [索取号:G40-059.1/660:1] 在馆    
2 864644   208646447   第四借阅区/ [索取号:G40-059.1/660:1] 在馆    
3 864645   208646456   教育系资料室/ [索取号:G40-059.1/660:1] 在馆    
4 864646   208646465   教育系资料室/ [索取号:G40-059.1/660:1] 在馆    
唐山师范学院图书馆 欢迎您!
大连网信软件有限公司© 版权所有